Born in Rotterdam - Statistics

General Stats
  • This quiz has been taken 49 times
    21 since last reset
  • The average score is 6 of 19
Answer Stats
Hint Answer % Correct
Important philosopher and Catholic theologian, namesake of the university of Rotterdam and the programme for exchange students within the European Union 1466 Erasmus
88%
Former football player who played for Arsenal, ManU and the Dutch national team 1983 Robin van Persie
65%
Footballer who plays for Inter Milan and the Dutch national team 1996 Denzel Dumfries
53%
Footballer who plays in Saudi Arabia (former Liverpool and PSG) and the Dutch national team 1990 Georginio Wijnaldum
47%
Goalkeeper who plays for Feyenoord and the Dutch national team 1998 Justin Bijlow
47%
Footballer who plays for Manchester United and the Dutch national team 1999 Tyrell Malacia
47%
Former footballer and captain of the Dutch national team (Barcelona, Arsenal and Feyenoord) 1975 Giovanni van Bronckhorst
35%
Former tennis player and Wimbledon champion, only Dutch player to have won a Grand Slam 1971 Richard Krajicek
35%
Footballer who plays for Feyenoord and the Dutch national team 2000 Lutsharel Geertruida
24%
DJ and music producer, "Turn Me On" "Gecko" 1995 Oliver Heldens
24%
Prime Minister from 1982 to 1994 1939 Ruud Lubbers
24%
Important modern architect and urbanist 1944 Rem Koolhaas
18%
Dutch-American painter and one of the most important artists of action painting 1904 Willem de Kooning
18%
Computer scientist and first person to win the Turing Award who was neither American nor British 1930 Edsger W. Dijkstra
12%
Founder of chess boxing 1974 Iepe Rubingh
12%
First winner of the Nobel Prize in Chemistry 1852 Jacobus Henricus van t'Hoff
12%
Widely considered one of the Netherlands biggest names in performing arts 1888 Louis Davids
12%
Former Secretary of NATO and Dutch Minister of Foreign Affairs 1911 Joseph Luns
6%
Swimmer, she set several world records during her carreer 1911 Marie Braun
6%
No matching quizzes found
Score Distribution
Percent of People with Each Score
Percentile by Number Answered
Your Score History
You have not taken this quiz since the last reset